000 00588nam a2200169Ia 4500
003 GCL
008 140319s9999 xx 000 0 ara d
040 _aGCL /
_cGCL
082 0 4 _a301.21
_bع م
100 1 _aعلى عبدالواحد وافى
245 1 0 _aمشكلات المجتمع المصرى والعالم العربى وعلاجها فى ضوء العلم والدين /
_cعلى عبدالواحد وافى
260 _a[S.N] :
_bمكتبة نهضة مصر
300 _a137 ص
490 _aحياة المجتمعات
_v0
650 0 4 _aالاجتماع
942 _2ddc
_cBK
999 _c35833
_d35833